|
|
|
|
| LEADER |
00000nam0a2200000 4500 |
| 001 |
59819 |
| 005 |
20231101211835.0 |
| 010 |
|
|
|a 5713311465
|
| 035 |
|
|
|a (RuTPU)RU\TPU\book\63277
|
| 090 |
|
|
|a 59819
|
| 100 |
|
|
|a 20040127d2003 m y0rusy50 ca
|
| 101 |
0 |
|
|a rus
|
| 102 |
|
|
|a RU
|
| 105 |
|
|
|a a j 000zy
|
| 200 |
1 |
|
|a Экономическая теория. Для студентов технических вузов.
|e учебник
|f Г. И. Арутюнова
|
| 210 |
|
|
|a Москва
|c Международные отношения
|d 2003
|
| 215 |
|
|
|a 368 с.
|c ил.
|
| 606 |
1 |
|
|a Экономическая теория
|2 stltpush
|3 (RuTPU)RU\TPU\subj\26589
|9 50481
|
| 610 |
1 |
|
|a экономика
|
| 610 |
1 |
|
|a экономическая теория
|
| 610 |
1 |
|
|a рынок
|
| 610 |
1 |
|
|a спрос
|
| 610 |
1 |
|
|a предложение
|
| 610 |
1 |
|
|a производство
|
| 610 |
1 |
|
|a издержки
|
| 610 |
1 |
|
|a конкуренция
|
| 610 |
1 |
|
|a монополии
|
| 610 |
1 |
|
|a олигополия
|
| 610 |
1 |
|
|a капитал
|
| 610 |
1 |
|
|a предпринимательство
|
| 610 |
1 |
|
|a национальная экономика
|
| 610 |
1 |
|
|a деньги
|
| 610 |
1 |
|
|a инфляция
|
| 610 |
1 |
|
|a безработица
|
| 610 |
1 |
|
|a экономический рост
|
| 610 |
1 |
|
|a экономические циклы
|
| 610 |
1 |
|
|a бюджет
|
| 610 |
1 |
|
|a налоги
|
| 610 |
1 |
|
|a кредитно-денежная политика
|
| 610 |
1 |
|
|a учебники
|
| 686 |
|
|
|a У011я73
|v LBC/SL-A
|2 rubbk
|
| 700 |
|
1 |
|a Арутюнова
|b Г. И.
|g Галина Ивановна
|
| 801 |
|
1 |
|a RU
|b 63413507
|c 20040127
|g PSBO
|
| 801 |
|
2 |
|a RU
|b 63413507
|c 20140110
|g PSBO
|
| 942 |
|
|
|c BK
|